| 000 | 00939nam a22002897a 4500 | ||
|---|---|---|---|
| 001 | BR7805388 | ||
| 003 | BR-BrBNA | ||
| 005 | 20230928085706.0 | ||
| 007 | ta | ||
| 008 | 230509b bl.||||| |||| 00| 0 por d | ||
| 040 |
_aBR-BrBNA _bpor _cBiblioteca Nacional de Agricultura |
||
| 041 | _a(Por) | ||
| 072 |
_aD10; E10 _b/G514 |
||
| 090 | _ D10 BR7805388 | ||
| 110 | 1 |
_aEmpresa Brasileira de Pesquisa Agropecuaria, Brasilia, DF; _93834 |
|
| 110 | 1 |
_aEmpresa Brasileira de Assistencia Tecnica e Extensao Rural, Brasilia, DF _93797 |
|
| 245 | 1 | _aInstitucionalizacao de recursos financeiros. Relatorio final [Administracao; Instituicao de pesquisa; Brasil] | |
| 260 | 3 |
_aBrasilia, DF (Brasil): _c[nd]. |
|
| 300 | _a75 p. | ||
| 500 | _aPublished 1978? | ||
| 650 | _aAdministracao | ||
| 650 | _aMacroeconomia | ||
| 650 | _aFinanciamento | ||
| 650 | _aInstituicao de pesquisa | ||
| 909 |
_a202309 _bLucia _c55 _dLucia Elande |
||
| 942 | _cBK | ||
| 999 |
_c25808 _d25808 |
||